| 000 | 00449nam a22001817a 4500 | ||
|---|---|---|---|
| 003 | NUST-PNEC | ||
| 005 | 20170116181120.0 | ||
| 008 | 140709b xxu||||| |||| 00| 0 eng d | ||
| 020 | _a- | ||
| 040 | _cLIBRARY | ||
| 082 | _a954.91 SAR | ||
| 100 |
_9134 _aSarwar, Gul Shahzad |
||
| 245 |
_aPakistan studies _cGul Shahzad Sarwar |
||
| 260 |
_aKarachi _bTaher Sons _cc.1992 |
||
| 300 |
_axxiii, 447p. : _c22 cm. |
||
| 650 | _xMIS | ||
| 942 |
_2ddc _cBK |
||
| 999 |
_c69538 _d69538 |
||